| 000 | 00663nam a2200241Ia 4500 | ||
|---|---|---|---|
| 003 | OSt | ||
| 005 | 20220926011307.0 | ||
| 006 | a|||||r|||| 00| 0 | ||
| 007 | ta | ||
| 008 | 220923b |||||||| |||| 00| 0 eng d | ||
| 037 | _cGeneral Book | ||
| 040 |
_aRTL _cRTL _beng |
||
| 041 |
_2eng _aeng |
||
| 082 | _aU25, K8 | ||
| 100 |
_aGullion Edrand A Ed. _9313856 |
||
| 245 | 0 | _aUses of the seas | |
| 260 |
_aNew Jersey _bPrentice-Hall U S A _c1968 |
||
| 300 |
_axv,202p. _ccm. |
||
| 500 | _aAmerican Assembly, Columbia University | ||
| 650 | _aOceanography | ||
| 942 |
_hU25, K8 _cGB _2CC |
||
| 999 |
_c619568 _d619568 |
||